| 000 | 01272pam a2200313 a 4500 | ||
|---|---|---|---|
| 001 | 3981025 | ||
| 003 | JO-AjAnu | ||
| 005 | 20240429105829.0 | ||
| 008 | 950929s1996 enka b 001 0 eng | ||
| 010 | _a 95044830 | ||
| 020 | _a0471962082 (alk. paper) | ||
| 020 | _a0471962090 (pbk. : alk. paper) | ||
| 040 |
_aDLC _cDLC _dJO-AjAnu _beng |
||
| 041 |
_aeng _heng |
||
| 050 | 0 | 0 |
_aHG1601 _b.H44 1996 |
| 082 | 0 | 0 |
_a332.1 _220 |
| 100 | 1 |
_aHeffernan, Shelagh A., _d1956- |
|
| 245 | 1 | 0 |
_aModern banking in theory and practice / _cShelagh Heffernan. |
| 260 |
_aChichester, England : _aNew York, N.Y. : _bWiley, _c1996. |
||
| 300 |
_axiv, 455 p. : _bill. ; _c25 cm. |
||
| 504 | _aIncludes bibliographical references (p. [429]-445) and index. | ||
| 650 | 0 | _aBanks and banking. | |
| 856 | 4 | 2 |
_3Publisher description _uhttp://www.loc.gov/catdir/description/wiley034/95044830.html |
| 856 | 4 |
_3Table of Contents only _uhttp://www.loc.gov/catdir/toc/onix05/95044830.html |
|
| 856 | 4 | 2 |
_3Contributor biographical information _uhttp://www.loc.gov/catdir/enhancements/fy0607/95044830-b.html |
| 906 |
_a7 _bcbc _corignew _d1 _eocip _f19 _gy-gencatlg |
||
| 942 |
_2lcc _cBK _n0 |
||
| 999 |
_c33465 _d33465 |
||